[Event "Rowy op 09"]
[Site "Rowy"]
[Date "2012.09.??"]
[Round "9"]
[White "Dulinski, Stanislaw"]
[Black "Wojtowicz, Mieczyslaw"]
[Result "0-1"]
[WhiteElo "1851"]
[BlackElo "1716"]
[PlyCount "54"]
[EventDate "2012.09.??"]
[EventType "swiss"]
[EventRounds "9"]
[EventCountry "POL"]
[SourceTitle "EXT 2014"]
[Source "ChessBase"]
[SourceDate "2013.11.20"]
[SourceVersion "1"]
[SourceVersionDate "2013.11.20"]
[SourceQuality "1"]

1. e4 e5 2. Bc4 Nf6 3. Nc3 c6 4. a3 Be7 5. d3 0-0 6. Bg5 d6 7. h3 b5 8. Ba2 Na6 9. b4 Nc7 10. Nge2 Ne6 11. Be3 g6 12. 0-0 Ng7 13. Bh6 Be6 14. f4 Bxa2 15. Rxa2 exf4 16. Nxf4 a5 17. Rb2 axb4 18. axb4 Ra3 19. Nce2 Nd7 20. d4 Bg5 21. Bxg5 Qxg5 22. c3 Nb6 23. Qd3 Nc4 24. Rbb1 Nh5 25. Kh2 Ra2 26. Rf2 Nxf4 27. Rxf4 Rd2 0-1

[Event "Rowy op 09"]
[Site "Rowy"]
[Date "2012.09.??"]
[Round "5"]
[White "Kowalczyk, Lucjan"]
[Black "Wojtowicz, Mieczyslaw"]
[Result "1-0"]
[WhiteElo "2103"]
[BlackElo "1716"]
[PlyCount "96"]
[EventDate "2012.09.??"]
[EventType "swiss"]
[EventRounds "9"]
[EventCountry "POL"]
[SourceTitle "EXT 2014"]
[Source "ChessBase"]
[SourceDate "2013.11.20"]
[SourceVersion "1"]
[SourceVersionDate "2013.11.20"]
[SourceQuality "1"]

1. e4 e5 2. Nf3 d6 3. d4 exd4 4. Qxd4 Nc6 5. Bb5 Bd7 6. Bxc6 bxc6 7. Nc3 f6 8. Be3 Ne7 9. Qc4 Ng6 10. Nd4 Ne5 11. Qa6 Be7 12. h3 0-0 13. f4 c5 14. Nde2 Bc8 15. Qb5 c6 16. Qa4 Nf7 17. Qxc6 Bd7 18. Qa6 Qb6 19. Qxb6 axb6 20. 0-0-0 b5 21. Bxc5 Rfc8 22. Bb4 Rc4 23. Rd4 Kf8 24. b3 Rxd4 25. Nxd4 Ke8 26. Kb2 Rb8 27. Rd1 g5 28. g3 Bxh3 29. Ncxb5 Bg4 30. Rh1 h6 31. a4 gxf4 32. gxf4 Kd7 33. Bc3 h5 34. Be1 Rg8 35. Bh4 Nd8 36. Rg1 Nf7 37. Nc3 Bd8 38. Nd5 Rg6 39. Re1 Rh6 40. Re3 f5 41. Bxd8 Kxd8 42. Nxf5 Bxf5 43. exf5 h4 44. Rh3 Rh5 45. c4 Nh8 46. Kc3 Kd7 47. Kd4 Kc6 48. b4 Kb7 1-0

[Event "Rowy op 09"]
[Site "Rowy"]
[Date "2012.09.??"]
[Round "2"]
[White "Wojtowicz, Mieczyslaw"]
[Black "Budnik, Kazimierz"]
[Result "1-0"]
[WhiteElo "1716"]
[BlackElo "1423"]
[PlyCount "60"]
[EventDate "2012.09.??"]
[EventType "swiss"]
[EventRounds "9"]
[EventCountry "POL"]
[SourceTitle "EXT 2014"]
[Source "ChessBase"]
[SourceDate "2013.11.20"]
[SourceVersion "1"]
[SourceVersionDate "2013.11.20"]
[SourceQuality "1"]

1. e4 c5 2. Nf3 e6 3. Be2 Nf6 4. e5 Nd5 5. d3 Be7 6. 0-0 0-0 7. Re1 Nc6 8. a3 Nd4 9. Bf1 a5 10. Nc3 Nxc3 11. bxc3 Nf5 12. d4 b6 13. d5 exd5 14. Qxd5 Ra7 15. Bb5 Kh8 16. Bb2 Nh4 17. Nxh4 Bxh4 18. g3 Be7 19. Rad1 Rc7 20. Qf3 Bb7 21. Qg4 Qa8 22. Rxd7 Bh1 23. Bf1 Qb7 24. Rxc7 Qxc7 25. Kxh1 Qc6+ 26. Bg2 Qb5 27. Bc1 Qb1 28. Qe2 Qa2 29. c4 Rd8 30. Bd5 h6 1-0

[Event "Rowy op 09"]
[Site "Rowy"]
[Date "2012.09.??"]
[Round "8"]
[White "Wojtowicz, Mieczyslaw"]
[Black "Woronowicz, Zbigniew"]
[Result "1-0"]
[WhiteElo "1716"]
[BlackElo "1554"]
[PlyCount "71"]
[EventDate "2012.09.??"]
[EventType "swiss"]
[EventRounds "9"]
[EventCountry "POL"]
[SourceTitle "EXT 2014"]
[Source "ChessBase"]
[SourceDate "2013.11.20"]
[SourceVersion "1"]
[SourceVersionDate "2013.11.20"]
[SourceQuality "1"]

1. d4 Nf6 2. c4 e6 3. Nc3 c6 4. Bg5 Be7 5. e3 d5 6. cxd5 cxd5 7. Bb5+ Bd7 8. Bxd7+ Nbxd7 9. Nf3 0-0 10. 0-0 h6 11. Bh4 a6 12. h3 Rb8 13. Bg3 Rc8 14. Rc1 Nh5 15. Bh2 f5 16. Ne5 Nhf6 17. Ng6 Rf7 18. Nxe7+ Rxe7 19. Qb3 b5 20. Ne2 Rxc1 21. Rxc1 Nf8 22. Rc6 Qa8 23. Qc2 Kh7 24. Bd6 Ng6 25. Bxe7 Nxe7 26. Rxe6 Nfg8 27. Qc5 Ng6 28. Qb6 Nf8 29. Qxa6 Qb8 30. Rb6 Qc7 31. Qxb5 Qc2 32. Ng3 Qd1+ 33. Nf1 Nf6 34. Rxf6 gxf6 35. Qxd5 Qb1 36. Qf7+ 1-0

[Event "POL-ch disabled"]
[Site "Rowy"]
[Date "2009.09.01"]
[Round "1.15"]
[White "Wojtowicz, Mieczyslaw"]
[Black "Skrzynski, Mieczyslaw"]
[Result "1-0"]
[WhiteElo "1747"]
[BlackElo "1400"]
[PlyCount "25"]
[EventDate "2009.09.01"]
[EventType "swiss"]
[EventRounds "9"]
[EventCountry "POL"]
[SourceTitle "EXT 2023"]
[Source "ChessBase"]
[SourceDate "2022.10.05"]
[SourceVersion "1"]
[SourceVersionDate "2022.10.05"]
[SourceQuality "1"]

1. e4 e5 2. Ne2 c5 3. c4 Nf6 4. Ng3 g6 5. d3 d6 6. Nc3 Bg7 7. Bg5 Bd7 8. Nd5 Qa5+ 9. b4 Nxd5 10. bxa5 Nc3 11. Qc2 Na4 12. Be2 h6 13. Bd2 1-0

[Event "Polanica Zdroj op-C 45th"]
[Site "Polanica Zdroj"]
[Date "2009.08.23"]
[Round "6"]
[White "Wojtowicz, Mieczyslaw"]
[Black "Bednarkiewicz, Jakub"]
[Result "1-0"]
[WhiteElo "1800"]
[BlackElo "1593"]
[PlyCount "99"]
[EventDate "2009.08.18"]
[EventType "swiss"]
[EventRounds "9"]
[EventCountry "POL"]
[SourceTitle "CBM 132 Extra"]
[Source "ChessBase"]
[SourceDate "2009.11.03"]
[SourceVersion "1"]
[SourceVersionDate "2009.11.03"]
[SourceQuality "1"]

1. d4 e6 2. c4 Nf6 3. Nc3 Be7 4. e4 d6 5. Nf3 b6 6. e5 dxe5 7. Nxe5 Bb7 8. Qa4+ Nbd7 9. Nc6 Bxc6 10. Qxc6 0-0 11. Be2 e5 12. d5 e4 13. Bf4 Qc8 14. Qxc7 Qxc7 15. Bxc7 Rac8 16. Bf4 Bb4 17. 0-0 Rfe8 18. Nb5 a5 19. Nd6 Bxd6 20. Bxd6 e3 21. f3 a4 22. b3 Ra8 23. bxa4 Rxa4 24. a3 Ne5 25. Bb4 Rea8 26. Rfe1 b5 27. cxb5 Nxd5 28. Bd6 Nc3 29. b6 Nxe2+ 30. Rxe2 Nc6 31. Rc1 Nd4 32. Ree1 Nb5 33. b7 Nxd6 34. bxa8Q+ Rxa8 35. Rxe3 Kf8 36. Rc6 Nb5 37. a4 Nd4 38. Rc4 Nf5 39. Rec3 Nd6 40. Rc6 Ke7 41. Ra3 Kd7 42. Rc1 g6 43. a5 h5 44. h4 Nf5 45. a6 Ng3 46. Rd3+ Ke7 47. Rc7+ Ke8 48. a7 Ne2+ 49. Kh2 Nf4 50. Rb3 1-0

[Event "Katy Rybackie op"]
[Site "Katy Rybackie"]
[Date "2009.06.17"]
[Round "5"]
[White "Najdzionek, Boleslaw"]
[Black "Wojtowicz, Mieczyslaw"]
[Result "1/2-1/2"]
[WhiteElo "1938"]
[BlackElo "1800"]
[PlyCount "96"]
[EventDate "2009.06.14"]
[EventType "swiss"]
[EventRounds "9"]
[EventCountry "POL"]
[SourceTitle "CBM 131 Extra"]
[Source "ChessBase"]
[SourceDate "2009.09.03"]
[SourceVersion "2"]
[SourceVersionDate "2009.09.16"]
[SourceQuality "1"]

1. d4 d5 2. c4 dxc4 3. Nc3 c6 4. a4 a5 5. Nf3 e6 6. Ne5 Bb4 7. Nxc4 Nf6 8. e3 Ne4 9. Qc2 f5 10. Bd3 Nxc3 11. bxc3 Be7 12. Rb1 Nd7 13. 0-0 0-0 14. e4 c5 15. exf5 cxd4 16. fxe6 Nf6 17. Nb6 Rb8 18. Bf4 Bd6 19. Bxd6 Qxd6 20. Rfe1 Bxe6 21. Rxe6 Qf4 22. Bc4 Kh8 23. g3 Qg4 24. cxd4 Qxd4 25. Rd1 Qg4 26. Qe2 Qh3 27. Rd4 Qh6 28. Rh4 Qc1+ 29. Qf1 Qc2 30. Qd3 Qc1+ 31. Kg2 h6 32. Qg6 Nh7 33. Rf4 Rxf4 34. gxf4 Qxf4 35. Re8+ Rxe8 36. Qxe8+ Nf8 37. Qe3 Qg4+ 38. Kf1 Qd1+ 39. Qe1 Qf3 40. Qe3 Qd1+ 41. Kg2 Qg4+ 42. Qg3 Qe4+ 43. Qf3 Qg6+ 44. Kh3 Ne6 45. Qg3 Ng5+ 46. Kg2 Qxb6 47. Qb8+ Kh7 48. Qg8+ Kg6 1/2-1/2

[Event "Polanica Zdroj op Seniors 44th"]
[Site "Polanica Zdroj"]
[Date "2008.08.27"]
[Round "9.11"]
[White "Jackowski, Ryszard"]
[Black "Wojtowicz, Mieczyslaw"]
[Result "1/2-1/2"]
[WhiteElo "1911"]
[BlackElo "1824"]
[PlyCount "25"]
[EventDate "2008.08.19"]
[EventType "swiss"]
[EventRounds "9"]
[EventCountry "POL"]
[SourceTitle "EXT 2023"]
[Source "ChessBase"]
[SourceDate "2022.10.05"]
[SourceVersion "1"]
[SourceVersionDate "2022.10.05"]
[SourceQuality "1"]

1. e4 d6 2. d4 g6 3. Nf3 Bg7 4. c3 Nf6 5. Bd3 0-0 6. 0-0 Bg4 7. h3 Bxf3 8. Qxf3 e5 9. d5 Nbd7 10. Nd2 a6 11. a4 Nc5 12. b4 Nxd3 13. Qxd3 1/2-1/2

[Event "Przelazy op-A"]
[Site "Przelazy"]
[Date "2004.??.??"]
[Round "6"]
[White "Brynski, Dawid"]
[Black "Wojtowicz, Mieczyslaw"]
[Result "1-0"]
[WhiteElo "1800"]
[BlackElo "1800"]
[PlyCount "69"]
[EventDate "2004.??.??"]
[EventType "swiss"]
[EventRounds "9"]
[EventCountry "POL"]
[SourceTitle "EXT 2007"]
[Source "ChessBase"]
[SourceDate "2006.11.23"]
[SourceVersion "1"]
[SourceVersionDate "2006.11.23"]
[SourceQuality "1"]

1. e4 g6 2. d4 Bg7 3. Nc3 d6 4. Bc4 c6 5. a4 Nf6 6. Qe2 0-0 7. e5 dxe5 8. dxe5 Nd5 9. Bd2 Be6 10. 0-0-0 Nd7 11. f4 N7b6 12. Bb3 a5 13. Nf3 Qc8 14. h3 Nb4 15. Bxe6 Qxe6 16. Be3 N6d5 17. Nxd5 Nxd5 18. Nd4 Qc8 19. g4 b5 20. axb5 cxb5 21. Nf5 gxf5 22. Rxd5 fxg4 23. hxg4 f5 24. g5 a4 25. Qh5 Ra6 26. Qxh7+ Kf7 27. Qh5+ Rg6 28. Rxb5 Rh8 29. Qf3 Rxh1+ 30. Qxh1 Rc6 31. Qd1 Qa6 32. Qd5+ Kg6 33. Qxc6+ Qxc6 34. Rb6 Kh5 35. Rxc6 1-0

[Event "Przelazy op-A"]
[Site "Przelazy"]
[Date "2004.??.??"]
[Round "4"]
[White "Kaminski, Ludwik"]
[Black "Wojtowicz, Mieczyslaw"]
[Result "1/2-1/2"]
[WhiteElo "1800"]
[BlackElo "1800"]
[PlyCount "50"]
[EventDate "2004.??.??"]
[EventType "swiss"]
[EventRounds "9"]
[EventCountry "POL"]
[SourceTitle "EXT 2007"]
[Source "ChessBase"]
[SourceDate "2006.11.23"]
[SourceVersion "1"]
[SourceVersionDate "2006.11.23"]
[SourceQuality "1"]

1. c4 g6 2. Nc3 Bg7 3. g3 Bxc3 4. bxc3 Nf6 5. Bg2 c6 6. Nf3 a5 7. d3 Na6 8. 0-0 Nc5 9. Be3 Ne6 10. h3 a4 11. Qc2 0-0 12. Nd4 d5 13. cxd5 Nxd5 14. a3 Nxe3 15. fxe3 Qc7 16. Kh2 Ra5 17. Nf3 Ng5 18. c4 Nxf3+ 19. Rxf3 Be6 20. Rb1 Rfa8 21. e4 Rh5 22. Rb4 b5 23. Qb1 bxc4 24. Qb2 f6 25. d4 Rb5 1/2-1/2